00368 a2200109 4500001001000000005001700010008004100027245010100068100002200169773005000191999001700241ART_4003120260410161841.0260409a 10aAlgo más sobre la Ley Nº 20.124 Ley de contrataciones para el ámbito de las Fuerzas Armadas1 aTorres, Ismael F.0 tRAPg- Año 23, Nº 274 (jul. 2001)wREV5941 c24150d24150